Che male c'è? : problemi di morale sessuale /

Guardat en:
Dades bibliogràfiques
Autor principal: Gatti, Guido, (1931- ) (Autor)
Format: Llibre
Idioma:italià
Publicat: Leumann °Torino! : Elle Di Ci, c1982
Col·lecció:Mondo nuovo ; 33
Etiquetes: Afegir etiqueta
Sense etiquetes, Sigues el primer a etiquetar aquest registre!

MARC

LEADER 00000nam a22000007i 4500
001 IT\ICCU\PUV\1059425
003 ItRI
005 20260115232306.0
008 060119s1982 it |||||| ||||| |||||c
040 |b ita  |c importazione bologna sebina 
041 7 |a ita  |2 ISO-639-2 
100 1 |a Gatti, Guido,  |d  (1931- )  |0 IT\ICCU\CFIV\013091  |4 aut 
245 1 0 |a Che male c'è? :  |b problemi di morale sessuale /  |c Guido Gatti. 
260 |a Leumann °Torino! :  |b Elle Di Ci,  |c c1982 
300 |a 32 p. ;  |c 19 cm. 
830 0 |a Mondo nuovo ;  |v 33  |0 IT\ICCU\UMC\0992863 
942 |2 ddc  |c BK  |n 0 
952 |0 0  |1 0  |4 0  |6 DOC_241_660000000000000_GAT  |7 0  |9 23685  |a BO  |b BO  |d 2026-01-15  |i 1160  |l 0  |o DOC 241.66 GAT  |p BO1160  |r 2026-01-15 23:23:06  |w 2026-01-15  |x [Sebina 7] [1 v.]  |y BK  |z 1 v. 
999 |c 20169  |d 20169